000 00692nam a2200289Ia 4500
005 20260324141209.0
008 008 260324s9999 xx 000 0 eng d
020 _a9781351292009
037 _aEBOOK
040 _aCRL
040 _beng
040 _cCRL
041 _2eng
041 _aeng
084 _qCRL
100 _aHerve Corvellec
_91207297
245 0 _aStories of Achievements
245 0 _bNarrative Features of Organizational Performance
260 _bTaylor and Francis
260 _c1997
365 _a
365 _b145
856 _uhttp://www.taylorfrancis.com/books/9781351292009
942 _cEBOOK
999 _c1810116
_d1810116